Situating Indian history for survepalli gopal (Record no. 693658)

MARC details
000 -LEADER
fixed length control field 00716nam a2200241Ia 4500
003 - CONTROL NUMBER IDENTIFIER
control field OSt
005 - DATE AND TIME OF LATEST TRANSACTION
control field 20220927105643.0
008 - FIXED-LENGTH DATA ELEMENTS--GENERAL INFORMATION
fixed length control field 220926b |||||||| |||| 00| 0 eng d
037 ## - SOURCE OF ACQUISITION
Terms of availability Reference Collections
040 ## - CATALOGING SOURCE
Original cataloging agency RTL
Transcribing agency RTL
Language of cataloging eng
041 ## - LANGUAGE CODE
Source of code eng
Language code of text/sound track or separate title eng
100 ## - MAIN ENTRY--PERSONAL NAME
Personal name Bhattacharya Sabyasachi
9 (RLIN) 373962
245 #0 - TITLE STATEMENT
Title Situating Indian history for survepalli gopal
260 ## - PUBLICATION, DISTRIBUTION, ETC.
Place of publication, distribution, etc. Delhi
Name of publisher, distributor, etc. Oxford University Press India
Date of publication, distribution, etc. 1986
300 ## - PHYSICAL DESCRIPTION
Extent 463p.
Dimensions cm.
700 ## - ADDED ENTRY--PERSONAL NAME
Personal name Thapar
9 (RLIN) 373963
942 ## - ADDED ENTRY ELEMENTS (KOHA)
Classification part "V2Y7N23, M6/TD"
Koha item type
Holdings
Withdrawn status Lost status Damaged status Not for loan Home library Current library Date acquired Total Checkouts Full call number Barcode Date last seen Price effective from Koha item type
        Ratan Tata Library Ratan Tata Library 2022-09-27   "V2Y7N23 M6/TD" RTPC009003 2022-09-27 2022-09-27  
Copyright @ Delhi University Library System